000 00652nam a2200229Ia 4500
003 OSt
005 20220928114551.0
006 a|||||r|||| 00| 0
007 ta
008 220927b |||||||| |||| 00| 0 eng d
024 _a54896
037 _cTextual
040 _aSDCL
_cSDCL
_beng
041 _2eng
_aeng
082 _aR6, N6
100 _aDaya Krishna
_9420650
245 0 _aProblematic and conceptual structure of classical Indian thought about man,society and polity .
260 _aDelhi
_bOxford University Press
_c1996
300 _ax,205p.
_ccm.
942 _hR6, N6
_cTEXL
_2CC
999 _c755642
_d755642